书目信息 |
| 题名: |
3ds max 7建筑表现图设计精彩实例
|
|
| 作者: | 曾强 , 张凯 , 郑世力 编著 | |
| 分册: | ||
| 出版信息: | 北京 清华大学出版社 2005.3 |
|
| 页数: | 459页 | |
| 开本: | 26cm | |
| 丛书名: | ||
| 单 册: | ||
| 中图分类: | TU201.4 | |
| 科图分类: | ||
| 主题词: | 三维--san wei--建筑设计--计算机辅助设计 , 三维--san wei , 建筑设计--jian zhu she ji , 计算机辅助设计--ji suan ji fu zhu she ji | |
| 电子资源: | ||
| ISBN: | 7-302-09781-X | |
| 000 | 01092cam0 2200301 450 | |
| 001 | 012005033920 | |
| 005 | 20091124142937.62 | |
| 010 | @a7-302-09781-X@dCNY43.00 | |
| 100 | @a20050716d2005 em y0chiy0121 ea | |
| 101 | 0 | @achi |
| 102 | @aCN@b110000 | |
| 105 | @af z 000yy | |
| 200 | 1 | @a3ds max 7建筑表现图设计精彩实例@A3ds max 7 jian zhu biao xian tu she ji jing cai shi li@f曾强,张凯,郑世力等编著 |
| 210 | @a北京@c清华大学出版社@d2005.3 | |
| 215 | @a459页@c图@d26cm | |
| 330 | @a本书主要讲述了使用3ds max 7制作室外建筑表现效果图的一般流程。通过实例,展示了各种室外建筑效果的设计方法与制作技巧。 | |
| 333 | @a阅读对象:高等院校相关专业师生及建筑设计人员等 | |
| 606 | 0 | @a三维@Asan wei@x建筑设计@x计算机辅助设计 |
| 606 | 0 | @a三维@Asan wei |
| 606 | 0 | @a建筑设计@Ajian zhu she ji |
| 606 | 0 | @a计算机辅助设计@Aji suan ji fu zhu she ji |
| 690 | @aTU201.4@v4 | |
| 701 | 0 | @a曾强@Azeng qiang@4编著 |
| 701 | 0 | @a张凯@Azhang kai@4编著 |
| 701 | 0 | @a郑世力@Azheng shi li@4编著 |
| 801 | 0 | @aCN@bSRXX@c20091124 |
| 801 | 2 | @aCN@bSRXX@c20051110 |
| 905 | @a10447@dTU201.4@eZ027 | |
| 3ds max 7建筑表现图设计精彩实例/曾强,张凯,郑世力等编著.-北京:清华大学出版社,2005.3 |
| 459页:图;26cm |
| 使用对象:阅读对象:高等院校相关专业师生及建筑设计人员等 |
| ISBN 7-302-09781-X:CNY43.00 |
| 本书主要讲述了使用3ds max 7制作室外建筑表现效果图的一般流程。通过实例,展示了各种室外建筑效果的设计方法与制作技巧。 |
| ● |
| 相关链接 |
|
|
|
正题名:3ds max 7建筑表现图设计精彩实例
索取号:TU201.4/Z027
 
预约/预借
| 序号 | 登录号 | 条形码 | 馆藏地/架位号 | 状态 | 备注 |
| 1 | 543820 | 205438203 | 建筑库101/101建筑库 36排4列1层/ [索取号:TU201.4/Z027] | 在馆 | |
| 2 | 543821 | 205438212 | 建筑库101/101建筑库 36排4列1层/ [索取号:TU201.4/Z027] | 在馆 | |
| 3 | 543822 | 205438221 | 建筑库101/101建筑库 36排4列1层/ [索取号:TU201.4/Z027] | 在馆 |